Development of a process for the preparation of coconut protein products for use in foods, final report

Furkejuvvon:
Bibliográfalaš dieđut
Searvvušdahkki: Texas A & M Research Foundation (Dahkki)
Materiálatiipa: Girji
Giella:eaŋgalasgiella
Almmustuhtton: Ann Arbor A.I.D. R & D Report Distribution Center 1976
Fáttát:
Fáddágilkorat: Lasit fáddágilkoriid
Eai fáddágilkorat, Lasit vuosttaš fáddágilkora!

MARC

LEADER 00000nam a2200000 a 4500
001 UCR6716
003 CL-VaPUC
008 980423e19760000us |||||||||||||||||eng|d
082 0 4 |a 664.06  |b TEX  |2 21 
110 2 |a Texas A & M Research Foundation  |e author  |9 407736 
245 1 0 |a Development of a process for the preparation of coconut protein products for use in foods, final report 
300 |a 190 p 
942 |c BK 
945 |d 19980423 00:00:00  |a crobeson 
260 |a Ann Arbor  |b A.I.D. R & D Report Distribution Center  |c 1976 
650 0 |a Proteínas vegetales  |9 406169 
650 7 |a COCOS  |2 CL-VaPUC  |9 407738 
650 7 |a PRODUCTOS DERIVADOS DE LAS FRUTAS  |2 CL-VaPUC  |9 406624 
583 |a last modification  |c 20150430 10:10:15  |k Rodrigo Vera 
999 |c 268643  |d 268641 
952 |0 0  |1 0  |4 0  |6 664_060000000000000_TEX_1976  |7 0  |8 A  |9 301862  |a BIBALI  |b BIBALI  |c GEN  |d 2019-11-20  |i 1981773  |o 664.06 TEX 1976  |p 1981773  |r 2025-01-20  |w 2019-11-20  |y BK  |k ALI